000 00356nam a2200157Ia 4500
005 20241216035858.0
008 240331s9999 xx 000 0 und d
082 _bTHU
_a823
100 _aThurber,J
245 4 _aThe white deer
250 _a2nd
260 _aLondon
_bHamish Hamilton
_c1947
300 _a115 p .,
650 _aShort Stories
942 _cL
999 _c3366
_d3366